| 000 | 00694nam a2200217 a 4500 | ||
|---|---|---|---|
| 001 | 000015257 | ||
| 005 | 20240530073917.0 | ||
| 008 | 100203s2004 dr 000 f spa d | ||
| 020 | _z999344527 | ||
| 040 |
_aDO-SdBNP _bspa _cBNPHU |
||
| 082 |
_aRD863.44 _bG993d |
||
| 100 | 1 |
_aGuzmán Estrella, Luis _934517 |
|
| 245 | 1 | 3 |
_aEl diputado / _cLuis Gusmán Estrella. |
| 260 |
_aSanto Domingo : _bMediabyte, _c2004. |
||
| 300 |
_a144 p. ; _c241 cm. |
||
| 500 | _aIncluye datos biográficos del autor en la solapa de la cubierta. | ||
| 590 | _aInventariado, 2019/BT | ||
| 650 | 0 |
_aNovela dominicana _9223 |
|
| 650 | 0 |
_aLiteratura dominicana. _967 |
|
| 910 | _aValidado. Control de calidad MMOLINA | ||
| 999 |
_c14824 _d14824 |
||